Statistics for Countries, US States, Capitals, Elements, 100 Most Common Words: Starting with O

Click here to take the quiz!

General Stats

  • This quiz has been taken 8,480 times
    (5,865 since last reset)
  • The average score is 15 of 21

Answer Stats

ANSWER% Correct
Or
96%
Oman
94%
On
92%
Ohio
87%
Oregon
87%
Oklahoma
86%
Of
83%
Oxygen
82%
Oslo
79%
Ottawa
73%
Oklahoma City
67%
Out
67%
Ouagadougou
65%
Over
64%
Osmium
59%
Our
56%
One
54%
Other
51%
Oganesson
43%
Olympia
43%
Only
42%

Score Distribution

Percentile by Number Answered

Percent of People with Each Score

Your Score History

You have not taken this quiz since the last reset